| 000 | 01242nam a22002417a 4500 | ||
|---|---|---|---|
| 003 | CO-ViMGA | ||
| 020 | _a9789587850345 | ||
| 040 |
_aCO-ViMGA _bspa _cCO-ViMGA |
||
| 090 | _aLM YON1 | ||
| 100 | 1 |
_aYonda Canencio, Gustavo _913776 |
|
| 245 | 1 | 0 |
_aKhwen Tama A` = Juan Tama de la Estrella / _c texto e ilustraciones de Gustavo Yonda Canencio ; traducción Abelardo Rojas y Tulio Rojas |
| 260 |
_aBogotá : _bMinisterio de Educación Nacional, _c2017 |
||
| 300 |
_a57 p. : _bil. ; color |
||
| 490 |
_aPlan Nacional de Lectura y Escritura Leer es mi Cuento _aRío de letras. Territorios narrados ; 18 |
||
| 500 | _aColección de actualización bibliográfica para la Red de Bibliotecas Públicas del Ministerio de Cultura, Plan Nacional de Lectura y Escritura Leer es mi cuento, 2018 | ||
| 520 | _aSe trata de un poema histórico, dirigido a jóvenes de básica secundaria sobre una de las más importantes figuras históricas y míticas de las culturas nasa y guambiana...tomado de la contracubierta del libro | ||
| 650 | 1 | 4 |
_aIndígenas de Colombia _95691 |
| 650 | 1 | 4 |
_aLiteratura indígena colombiana _913737 |
| 650 | 1 | 4 |
_aTradición oral _92171 |
| 700 | 1 |
_a Rojas, Tulio _913778 |
|
| 700 | 1 |
_aRojas, Abelardo _913777 |
|
| 942 |
_2ddc _cBK |
||
| 999 |
_c11902 _d11902 |
||